000
00269nam a22000977a 4500
008
230424b |||||||| |||| 00| 0 eng d
020
_a
9781138862364
100
_a
Harper Billington Susan
_9
7669
245
_a
In the Shadow of the Mahatma
260
_a
London
_b
Routledge
_c
2019
999
_c
12270
_d
12270